| 000 | 00864cam a2200265 a 4500 | ||
|---|---|---|---|
| 001 | 000005460 | ||
| 005 | 20200929151703.0 | ||
| 008 | 940309s1993 sp a b 000 p spa | ||
| 020 | _a8437612047 | ||
| 040 |
_aDO-SdBNP _cDLC |
||
| 082 |
_aU861.5 _bA284p |
||
| 100 | 1 |
_aAgustini, Delmira, _d1886-1914. _915513 |
|
| 245 | 1 | 0 |
_aPoesías completas / _cDelmira Agustini ; edición de Magdalena García Pinto. |
| 260 |
_aMadrid : _bCátedra, _c1993. |
||
| 300 |
_a356 p. : _bil. ; _c18 cm. |
||
| 490 | 1 |
_aLetras hispánicas _v372 |
|
| 504 | _aIncluye referencias bibliográficas (p. 51-53). | ||
| 650 | 4 |
_aPoesía uruguaya _93846 |
|
| 650 | 4 |
_aPoesía amorosa _99227 |
|
| 650 | 4 |
_aLiteratura uruguaya _93054 |
|
| 700 | 1 |
_aGarcía Pinto, Magdalena, _eed. _915514 |
|
| 830 | 0 |
_aLetras hispánicas ; _v372 _94208 |
|
| 910 | _aCatalogación por copia / LC | ||
| 910 | _aWM | ||
| 999 |
_c5260 _d5260 |
||